01000cam a2200253 a 45000010008000000030004000080050017000120080041000290100017000700200022000870400018001090820015001271000021001422450071001632600039002343000029002735000031003025000111003335040041004446500061004856500063005466500061006097100076006701111996OSt20230619160455.0930416s1991 nyua bs i000 0 eng  a 93124415  a9211062748 (pbk.) aDLCcDLCdDLC00a305.26bUN1 aSchulz, James H.14aThe world ageing situation, 1991 /c[prepared by James H. Schulz]. aNew York :bUnited Nations,c1991. a132 p. :bill. ;c30 cm. a"ST/CSDHA/14"--T.p. verso. aAt head of title: United Nations Office at Vienna, Centre for Social Development and Humanitarian Affairs. aIncludes bibliographical references. 0aOlder peoplexSocial conditionsxCross-cultural studies. 0aOlder peoplexEconomic conditionsxCross-cultural studies. 0aOlder peoplexGovernment policyxCross-cultural studies.2 aCentre for Social Development and Humanitarian Affairs (United Nations)